| 000 | 02071naa a2200277 i 4500 | ||
|---|---|---|---|
| 001 | 6809 | ||
| 003 | KOSZ 005 | ||
| 005 | 20171212142943.0 | ||
| 008 | 150313s1996 pl f |100 0 pol | ||
| 040 |
_cBPK _dKOSZ 005/HR |
||
| 080 | _a502.13/.14 | ||
| 080 | _a711 | ||
| 100 | 1 |
_aFILIPKOWSKI, Jan. _d1996 - 2002. _bPolitechnika Koszalińska - Wydział Budownictwa i Inżynierii Środowiska, _cKatedra Mechaniki Budowli |
|
| 245 | 1 | 0 |
_aOpracowanie założeń regionalnych planu zagospodarowania przestrzennego uwzględniającego rozwój turystyki, rekreacji lądowej i morskiej dla stworzenia podstaw regionalnego systemu ekorozwoju województwa : _braport z wykonania pracy badawczej objętej zadaniem badawczym nr 3 / _ckier. zespołu Jerzy Kołodziejski ; zespół badawczy : Jerzy Kołodziejski, Jan Filipkowski, Tomasz Parteka, Wojciech Wojciechowski, Ewa Parteka. |
| 500 | _aDane z autopsji. | ||
| 520 | _aPodstawowym elementem systemu ekorozwoju województwa koszalińskiego jest wdrożenie założeń regionalnego planu zagospodarowania przestrzennego, uwzględniającego rozwój turystyki, rekreacji, lecznictwa sanatoryjnego oraz rolnictwa ekologicznego. Wymaga to w pierwszej kolejności podjęcia czynności zmierzających do zapewnienia czystości wód powierzchniowych i podziemnych. Poprawę stanu tych wód można uzyskać przez modyfikację gospodarki wodno-ściekowej i przebudowę gospodarki odpadami stałymi. | ||
| 650 | 0 | _aEkorozwój. | |
| 650 | 0 | _aTurystyka. | |
| 650 | 0 | _aOczyszczalnia ścieków. | |
| 650 | 0 | _aOdpady. | |
| 655 | 0 | _aMateriały konferencyjne. | |
| 700 | 1 |
_aWOJCIECHOWSKI, Wojciech. _d1996 - 2002. _bPolitechnika Koszalińska - Wydział Budownictwa i Inżynierii Środowiska, _cKatedra Mechaniki Budowli |
|
| 711 | 2 | 2 |
_aKonferencja nt. Systemy optymalizacji ekorozwoju województwa koszalińskiego _d(1996 ; _cKoszalin, Polska). |
| 773 | 0 |
_iW : _tSystemy optymalizacji ekorozwoju województwa koszalińskiego : materiały konferencyjne. - _dKoszalin, 1996. - _gs. 79-113 |
|
| 942 |
_cROZ _2UKD |
||
| 999 |
_c6809 _d6809 |
||